Συγκριτική μελέτη παλιού και νέου προγράμματος σπουδών πληροφορικής Δημοτικού-Γυμνασίου : διπλωματική εργασία [μεταπτυχιακή εργασία]
Αποθηκεύτηκε σε:
| Κύριος συγγραφέας: | |
|---|---|
| Συγγραφή απο Οργανισμό/Αρχή: | |
| Άλλοι συγγραφείς: | |
| Μορφή: | Thesis Βιβλίο |
| Γλώσσα: | Greek |
| Δημοσίευση: |
2013
|
| Θέματα: | |
| Διαθέσιμο Online: | http://hdl.handle.net/11610/14258 |
| Ετικέτες: |
Προσθήκη ετικέτας
Δεν υπάρχουν, Καταχωρήστε ετικέτα πρώτοι!
|
MARC
| LEADER | 00000cam a2200000 i 4500 | ||
|---|---|---|---|
| 001 | 1/37798 | ||
| 008 | 131030s2013 gre d | ||
| 035 | |l 10115901 | ||
| 040 | |a GR-MY-UA |b gre |e aacr | ||
| 041 | 0 | |a gre | |
| 082 | 0 | |a 372.3 |2 (22) | |
| 100 | 1 | |a Κλέτσας, Αλέξανδρος Μ. | |
| 245 | 1 | 0 | |a Συγκριτική μελέτη παλιού και νέου προγράμματος σπουδών πληροφορικής Δημοτικού-Γυμνασίου : |b διπλωματική εργασία [μεταπτυχιακή εργασία] / |c Αλέξανδρος Μ. Κλέτσας ; επιβλέπων: Χατζηγεωργίου Ιωάννης |
| 260 | |c 2013 | ||
| 300 | |a 119 σ.; |b πίν.; |c 30 εκ. | ||
| 500 | |a Μέλη εξεταστικής επιτροπής: Παναγιώτης Σταμάτης, Περσεφόνη Φώκιαλη | ||
| 502 | |a Διατριβή (μεταπτυχιακή) – Πανεπιστήμιο Αιγαίου, Ρόδος, 2013. | ||
| 504 | |a Βιβλιογραφία: σ. 113-119 | ||
| 650 | 0 | 0 | |a Computer science |x Study and teaching (Elementary) |
| 650 | 0 | 0 | |a Education, Secondary |x Curricula. |
| 650 | 0 | 0 | |a Curriculum planning |z Greece |x Case studies. |
| 650 | 0 | 0 | |a Dissertations, Academic |z Greece. |
| 700 | 1 | |a Χατζηγεωργίου, Γιάννης. |4 ths | |
| 710 | 2 | |a Πανεπιστήμιο Αιγαίου |b Σχολή Ανθρωπιστικών Επιστημών |b Τμήμα Επιστημών της Προσχολικής Αγωγής και του Εκπαιδευτικού Σχεδιασμού |b Πρόγραμμα Μεταπτυχιακών Σπουδών Μοντέλα Σχεδιασμού και Ανάπτυξης Εκπαιδευτικών Μονάδων . | |
| 852 | |a INST |b RHODES |c DIATR |e 20131030 |h 372.3 ΚΛΕ |p 005400035757 |q 005400035757 |t MTXE |y 23 | ||
| 852 | |a INST |b RHODES |c DIATR |e 20131030 |h 372.3 ΚΛΕ |p 005400035758 |q 005400035758 |t MTXE |y 23 | ||
| 856 | |u http://hdl.handle.net/11610/14258 | ||
| 901 | |a BIBL4-2013-3 | ||
| 909 | |a Ρ |b 182268 | ||
| 909 | |a Ρ |b 182269 | ||
| 924 | |a ΚΛΕΤΣΑΣ |b ΑΛΕΞΑΝΔΡΟΣ Μ. |y ΡΟΔΟΣ |z 2013-07 | ||
| 970 | |z 2013/10/30 | ||